Managing operations across the supply chain / (Record no. 83278)

MARC details
000 -LEADER
fixed length control field 00877nam a22002657a 4500
005 - DATE AND TIME OF LATEST TRANSACTION
control field 20140502105315.0
010 ## - LCCN (DPL NO)
LC control number ENG-109653
020 ## - INTERNATIONAL STANDARD BOOK NUMBER
Terms of availability 595.00
International Standard Book Number 9781259097409
020 ## - INTERNATIONAL STANDARD BOOK NUMBER
Terms of availability 595.00
International Standard Book Number 1259097404
035 ## - SYSTEM CONTROL NUMBER
System control number EN-93186
037 ## - SOURCE OF ACQUISITION
Source of stock number/acquisition DBAD/PUB
082 ## - DEWEY DECIMAL CLASSIFICATION NUMBER
Classification number 658.5
245 00 - TITLE STATEMENT
Title Managing operations across the supply chain /
Statement of responsibility, etc by Morgan Swink...[et al]
250 ## - EDITION STATEMENT
Edition statement 2nd ed
260 ## - PUBLICATION, DISTRIBUTION, ETC. (IMPRINT)
Place of publication, distribution, etc New Delhi
Name of publisher, distributor, etc McGraw Hill Education
Date of publication, distribution, etc 2014
270 ## - ADDRESS
Address P-24, Green Park Extn.
City New Delhi
Postal code 110016
300 ## - PHYSICAL DESCRIPTION
Extent xxxii,603p. :
Dimensions 29cm(pbk)
Other physical details ill.
490 ## - SERIES STATEMENT
Series statement The McGraw-Hill/Irwin series in operations and decision sciences
500 ## - GENERAL NOTE
General note Includes bibliographical references and indexes.
650 ## - SUBJECT ADDED ENTRY--TOPICAL TERM
Topical term or geographic name as entry element Business logistics
650 ## - SUBJECT ADDED ENTRY--TOPICAL TERM
Topical term or geographic name as entry element Production management.
650 ## - SUBJECT ADDED ENTRY--TOPICAL TERM
Topical term or geographic name as entry element Industrial management.
700 ## - ADDED ENTRY--PERSONAL NAME
Personal name Swink, Morgan
942 ## - ADDED ENTRY ELEMENTS (KOHA)
Source of classification or shelving scheme Dewey Decimal Classification
Item type English Books
Call number suffix MAN
Classification part 658.5
Holdings
Withdrawn status Lost status Not for loan Collection code Home library Current library Date acquired Source of acquisition Cost, normal purchase price Full call number Barcode Copy number Cost, replacement price Koha item type
    Not For Loan Non-fiction D.B.Act.Division D.B.Act.Division 04/04/2014 DBAD/PUB 595.00 658.5 MAN EN-93186 1 595.00 English Books

© Delhi Public Library
Hit Counter
free hit counter